Statistics for Smallest National Capital By Population Per Letter

Click here to take the quiz!

General Stats

  • This quiz has been taken 16 times
  • The average score is 16 of 24

Answer Stats

LetterPopAnswer% Correct
V453Vatican City
100%
C20000Castries
94%
U1.45 millionUlaanbaatar
88%
Z796744Zagreb
88%
P6647Palikir
81%
A22873Andorra La Vella
75%
F6320Funafuti
75%
B14000Basseterre
69%
I1.014 millionIslamabad
69%
M38350Monaco
69%
Q2.8 millionQuito
69%
S4061San Marino
69%
H92344Honiara
63%
R14725Roseau
63%
D277279Dili
56%
G118363Georgetown
56%
J525593Juba
56%
K662694Kingston
56%
O697020Oslo
56%
W217000Wellington
56%
N271Ngerulmud
50%
L124509Luxembourg
44%
Y361893Yamoussoukro
38%
T70480Tarawa
25%

Score Distribution

Percentile by Number Answered

Percent of People with Each Score

Your Score History

You have not taken this quiz